000 00693nam a2200253Ia 4500
003 OSt
005 20221006142540.0
006 a|||||r|||| 00| 0
007 ta
008 221006b |||||||| |||| 00| 0 eng d
020 _c43.00
024 _a6,578
037 _cTextual
040 _aEASL
_cEASL
_beng
041 _2eng
_aeng
082 _aY:4:7.4, K9
100 _aLowenthal Richard Ed.
245 0 _aIssues in the future of Asia
_b Communist and non-communist alternatives
260 _aNew York
_bFrederick A. Praeger
_c1969
300 _a177p.
_ccm.
490 _v Oth
942 _hY:4:7.4, K9
_cTEXL
_2CC
999 _c1074664
_d1074664